书目信息 |
| 题名: |
敦煌石窟艺术简史
|
|
| 作者: | 赵声良 著 | |
| 分册: | ||
| 出版信息: | 北京 中国青年出版社 2015 |
|
| 页数: | 239页 | |
| 开本: | 26cm | |
| 丛书名: | ||
| 单 册: | ||
| 中图分类: | K879.214 | |
| 科图分类: | ||
| 主题词: | 敦煌石窟--美术史--研究 , 敦煌石窟--研究--美术史 , 敦煌石窟--美术史--研究 | |
| 电子资源: | ||
| ISBN: | 978-7-5153-3398-4 | |
| 000 | 01061nam0 2200277 450 | |
| 001 | 2096 | |
| 001 | 01XX12060820@CSLN | |
| 001 | 01XX12060820@CSLN | |
| 005 | 20161205110110.60 | |
| 010 | @a978-7-5153-3398-4@dCNY58.00 | |
| 100 | @a20151112d2015 em y0chiy50 ea | |
| 101 | 0 | @achi |
| 102 | @aCN@b110000 | |
| 105 | @aa z 001yy | |
| 200 | 1 | @a敦煌石窟艺术简史@9dun huang shi ku yi shu jian shi@dA brief history of Dunhuang Grottoes art@zeng@f赵声良著@Adun huang shi ku yi shu jian shi |
| 210 | @a北京@c中国青年出版社@d2015 | |
| 215 | @a239页@c图@d26cm | |
| 330 | @a本书共分六章,包括绪论、十六国北朝的敦煌石窟艺术、隋代石窟艺术、唐代前期石窟艺术、唐代后期石窟艺术、五代宋西夏元代石窟艺术等内容。 | |
| 510 | 1 | @aBrief history of dunhuang grottoes art@zeng |
| 606 | 0 | @a敦煌石窟@x美术史@x研究 |
| 606 | @a敦煌石窟@x研究@x美术史 | |
| 606 | @a敦煌石窟@x美术史@x研究 | |
| 690 | @aK879.214@v5 | |
| 701 | 0 | @a赵声良@9zhao sheng liang@f(1964~)@4著@Azhao sheng liang |
| 801 | 0 | @aCN@b大连网信软件有限公司图书馆·11@c20161205 |
| 905 | @aZUCC@dK879.214@e320 | |
| 敦煌石窟艺术简史=A brief history of Dunhuang Grottoes art/赵声良著.-北京:中国青年出版社,2015 |
| 239页:图;26cm |
| ISBN 978-7-5153-3398-4:CNY58.00 |
| 本书共分六章,包括绪论、十六国北朝的敦煌石窟艺术、隋代石窟艺术、唐代前期石窟艺术、唐代后期石窟艺术、五代宋西夏元代石窟艺术等内容。 |
| ● |
| 相关链接 |
|
|
|
|
正题名:敦煌石窟艺术简史
索取号:K879.214/320
 
预约/预借
| 序号 | 登录号 | 条形码 | 馆藏地/架位号 | 状态 | 备注 |
| 1 | 910436 | 209104360 | 第二样本阅览室/ [索取号:K879.214/320] | 在馆 | |
| 2 | 910437 | 209104379 | 第二借阅区/ [索取号:K879.214/320] | 在馆 | |
| 3 | 910438 | 209104388 | 第二借阅区/ [索取号:K879.214/320] | 在馆 | |
| 4 | 910439 | 209104397 | 第二借阅区/ [索取号:K879.214/320] | 在馆 | |
| 5 | 910440 | 209104404 | 第二借阅区/ [索取号:K879.214/320] | 在馆 |